00444cam a22001573a 45000010006000000050017000060080041000230350024000640400031000880200018001190200015001370350021001522450075001732600020002487200018002685074320230411090005.0070320s2006 xx 000 0 eng d a(OCoLC)ocn148665064 aBTCTAcBTCTAdYDXCPdBAKER a9780060539177 a0060539178 a(OCoLC)14866506400aRough CrossingsbThe Slaves, the British, and the American Revolution. bPerennialc2006 aSchama, Simon